Y học tùng thư
Na minha lista:
| Autor principal: | |
|---|---|
| Formato: | Livro |
| Idioma: | Undetermined |
| Publicado em: |
H.
Y Học
2002
|
| Assuntos: | |
| Tags: |
Adicionar Tag
Sem tags, seja o primeiro a adicionar uma tag!
|
| Thư viện lưu trữ: | Trung tâm Học liệu Trường Đại học Cần Thơ |
|---|
| LEADER | 00499nam a2200181Ia 4500 | ||
|---|---|---|---|
| 001 | CTU_54102 | ||
| 008 | 210402s9999 xx 000 0 und d | ||
| 020 | |b 99000 | ||
| 082 | |a 615.882 | ||
| 082 | |b A105 | ||
| 100 | |a An Nhân Nguyễn Tử Siêu | ||
| 245 | 0 | |a Y học tùng thư | |
| 245 | 3 | |c An Nhân Nguyễn Tử Siêu | |
| 260 | |a H. | ||
| 260 | |b Y Học | ||
| 260 | |c 2002 | ||
| 650 | |a folk medicine,medical plants | ||
| 980 | |a Trung tâm Học liệu Trường Đại học Cần Thơ | ||